08247 2204069 4500001002100000005001500021035002000036008004100056245006800097100001600165250000600181260003200187300001200219020002200231084001400253082000800267650001400275990001200289990001200301990001200313990001200325990001200337990001200349990001200361990001200373990001200385990001200397990001200409990001200421990001200433990001200445990001200457990001200469990001200481990001200493990001200505990001200517990001200529990001200541990001200553990001200565990001200577990001200589990001200601990001200613990001200625990001200637990001200649990001200661990001200673990001200685990001200697990001200709990001200721990001200733990001200745990001200757990001200769990001200781990001200793990001200805990001200817990001200829990001200841990001200853990001200865990001200877990001200889990001200901990001200913990001200925990001200937990001200949990001200961990001200973990001200985990001200997990001201009990001201021990001201033990001201045990001201057990001201069990001201081990001201093990001201105990001201117990001201129990001201141990001201153990001201165990001201177990001201189990001201201990001201213990001201225990001201237990001201249990001201261990001201273990001201285990001201297990001201309990001201321990001201333990001201345990001201357990001201369990001201381990001201393990001201405990001201417990001201429990001201441990001201453990001201465990001201477990001201489990001201501990001201513990001201525990001201537990001201549990001201561990001201573990001201585990001201597990001201609990001201621990001201633990001201645990001201657990001201669990001201681990001201693990001201705990001201717990001201729990001201741990001201753990001201765990001201777990001201789990001201801990001201813990001201825990001201837990001201849990001201861990001201873990001201885990001201897990001201909990001201921990001201933990001201945990001201957990001201969990001201981990001201993990001202005990001202017990001202029990001202041990001202053990001202065990001202077990001202089990001202101990001202113990001202125990001202137990001202149990001202161990001202173990001202185990001202197990001202209990001202221990001202233990001202245990001202257990001202269990001202281990001202293990001202305990001202317990001202329990001202341990001202353990001202365990001202377990001202389990001202401990001202413990001202425990001202437990001202449990001202461990001202473990001202485990001202497990001202509990001202521990001202533990001202545990001202557990001202569990001202581990001202593990001202605990001202617990001202629990001202641990001202653990001202665990001202677990001202689990001202701990001202713990001202725990001202737990001202749990001202761990001202773990001202785990001202797990001202809990001202821990001202833990001202845990001202857990001202869990001202881990001202893990001202905990001202917990001202929990001202941990001202953990001202965990001202977990001202989990001203001990001203013990001203025990001203037990001203049990001203061990001203073990001203085990001203097990001203109990001203121990001203133990001203145990001203157990001203169990001203181990001203193990001203205990001203217990001203229990001203241990001203253990001203265990001203277990001203289990001203301990001203313990001203325990001203337990001203349990001203361990001203373990001203385990001203397990001203409990001203421990001203433990001203445990001203457990001203469990001203481990001203493990001203505990001203517990001203529990001203541990001203553990001203565990001203577990001203589990001203601990001203613990001203625990001203637990001203649990001203661990001203673990001203685990001203697990001203709990001203721990001203733990001203745990001203757990001203769990001203781990001203793990001203805990001203817990001203829990001203841990001203853990001203865990001203877990001203889990001203901990001203913990001203925990001203937990001203949990001203961990001203973990001203985990001203997990001204009990001204021990001204033990001204045990001204057990001204069990001204081990001204093990001204105990001204117990001204129990001204141990001204153990001204165INLIS00000000000136920240626094910 a0010-0624000001240626 0 ind 1 aPendidikan Agama Islam dan Budi Pekerti Kelas XI /cAbd. Rahman aAbd. Rahman a1 aJakarta :bKEMDIKBUD,c2021 a356 hlm a978-602-244-546-3 a200 ABD p a200 4aNon Fiksi a0747769 a0747770 a0747771 a0747772 a0747773 a0747774 a0747775 a0747776 a0747777 a0747778 a0747779 a0747780 a0747781 a0747782 a0747783 a0747784 a0747785 a0747786 a0747787 a0747788 a0747789 a0747790 a0747791 a0747792 a0747793 a0747794 a0747795 a0747796 a0747797 a0747798 a0747799 a0747800 a0747801 a0747802 a0747803 a0747804 a0747805 a0747806 a0747807 a0747808 a0747809 a0747810 a0747811 a0747812 a0747813 a0747814 a0747815 a0747816 a0747817 a0747818 a0747819 a0747820 a0747821 a0747822 a0747823 a0747824 a0747825 a0747826 a0747827 a0747828 a0747829 a0747830 a0747831 a0747832 a0747833 a0747834 a0747835 a0747836 a0747837 a0747838 a0747839 a0747840 a0747841 a0747842 a0747843 a0747844 a0747845 a0747846 a0747847 a0747848 a0747849 a0747850 a0747851 a0747852 a0747853 a0747854 a0747855 a0747856 a0747857 a0747858 a0747859 a0747860 a0747861 a0747862 a0747863 a0747864 a0747865 a0747866 a0747867 a0747868 a0747869 a0747870 a0747871 a0747872 a0747873 a0747874 a0747875 a0747876 a0747877 a0747878 a0747879 a0747880 a0747881 a0747882 a0747883 a0747884 a0747885 a0747886 a0747887 a0747888 a0747889 a0747890 a0747891 a0747892 a0747893 a0747894 a0747895 a0747896 a0747897 a0747898 a0747899 a0747900 a0747901 a0747902 a0747903 a0747904 a0747905 a0747906 a0747907 a0747908 a0747909 a0747910 a0747911 a0747912 a0747913 a0747914 a0747915 a0747916 a0747917 a0747918 a0747919 a0747920 a0747921 a0747922 a0747923 a0747924 a0747925 a0747926 a0747927 a0747928 a0747929 a0747930 a0747931 a0747932 a0747933 a0747934 a0747935 a0747936 a0747937 a0747938 a0747939 a0747940 a0747941 a0747942 a0747943 a0747944 a0747945 a0747946 a0747947 a0747948 a0747949 a0747950 a0747951 a0747952 a0747953 a0747954 a0747955 a0747956 a0747957 a0747958 a0747959 a0747960 a0747961 a0747962 a0747963 a0747964 a0747965 a0747966 a0747967 a0747968 a0747969 a0747970 a0747971 a0747972 a0747973 a0747974 a0747975 a0747976 a0747977 a0747978 a0747979 a0747980 a0747981 a0747982 a0747983 a0747984 a0747985 a0747986 a0747987 a0747988 a0747989 a0747990 a0747991 a0747992 a0747993 a0747994 a0747995 a0747996 a0747997 a0747998 a0747999 a0748000 a0748001 a0748002 a0748003 a0748004 a0748005 a0748006 a0748007 a0748008 a0748009 a0748010 a0748011 a0748012 a0748013 a0748014 a0748015 a0748016 a0748017 a0748018 a0748019 a0748020 a0748021 a0748022 a0748023 a0748024 a0748025 a0748026 a0748027 a0748028 a0748029 a0748030 a0748031 a0748032 a0748033 a0748034 a0748035 a0748036 a0748037 a0748038 a0748039 a0748040 a0748041 a0748042 a0748043 a0748044 a0748045 a0748046 a0748047 a0748048 a0748049 a0748050 a0748051 a0748052 a0748053 a0748054 a0748055 a0748056 a0748057 a0748058 a0748059 a0748060 a0748061 a0748062 a0748063 a0748064 a0748065 a0748066 a0748067 a0748068 a0748069 a0748070 a0748071 a0748072 a0748073 a0748074 a0748075 a0748076 a0748077 a0748078 a0748079 a0748080 a0748081 a0748082 a0748083 a0748084 a0748085 a0748086 a0748087 a0748088 a0748089 a0748090 a0748091 a0748092